000 00695nam a2200289Ia 4500
005 20260324141245.0
008 008 260324s9999 xx 000 0 eng d
020 _a9780203442777
037 _aEBOOK
040 _aCRL
040 _beng
040 _cCRL
041 _2eng
041 _aeng
084 _qCRL
100 _aDavid Bridges
_91049149
245 0 _aEducation, Autonomy and Democratic Citizenship
245 0 _bPhilosophy in a Changing World
260 _bTaylor and Francis
260 _c1997
365 _a
365 _b230
856 _uhttp://www.taylorfrancis.com/books/9780203442777
942 _cEBOOK
999 _c1810416
_d1810416